Medieval London, from commune to capital (Record no. 8061)

MARC details
000 -LEADER
fixed length control field 00631nam a22002057a 4500
003 - CONTROL NUMBER IDENTIFIER
control field OSt
005 - DATE AND TIME OF LATEST TRANSACTION
control field 20230120105335.0
008 - FIXED-LENGTH DATA ELEMENTS--GENERAL INFORMATION
fixed length control field 230120b ||||| |||| 00| 0 eng d
020 ## - INTERNATIONAL STANDARD BOOK NUMBER
International Standard Book Number 041541833x
040 ## - CATALOGING SOURCE
Transcribing agency DDC
082 ## - DEWEY DECIMAL CLASSIFICATION NUMBER
Classification number 307.76 WIL 2007
100 ## - MAIN ENTRY--PERSONAL NAME
Personal name Williams, Gwyn A
9 (RLIN) 16405
245 ## - TITLE STATEMENT
Title Medieval London, from commune to capital
260 ## - PUBLICATION, DISTRIBUTION, ETC. (IMPRINT)
Place of publication, distribution, etc. University of London;
Name of publisher, distributor, etc. Athlone Press:
Date of publication, distribution, etc. 1963
300 ## - PHYSICAL DESCRIPTION
Extent 377 p. :
Other physical details illus.;
Dimensions 23 cm
504 ## - BIBLIOGRAPHY, ETC. NOTE
Bibliography, etc Includes bibliography.
650 ## - SUBJECT ADDED ENTRY--TOPICAL TERM
Topical term or geographic name as entry element London (England) -- History -- 16th century
9 (RLIN) 16406
650 ## - SUBJECT ADDED ENTRY--TOPICAL TERM
Topical term or geographic name as entry element London (England) -- Politics and government
9 (RLIN) 16407
942 ## - ADDED ENTRY ELEMENTS (KOHA)
Source of classification or shelving scheme Dewey Decimal Classification
Koha item type Book
Holdings
Withdrawn status Lost status Source of classification or shelving scheme Damaged status Not for loan Home library Current library Date acquired Source of acquisition Inventory number Total Checkouts Full call number Barcode Date last seen Price effective from Koha item type
    Dewey Decimal Classification     MUST Main Library MUST Main Library 20/01/2023 Purchase 15/39479   307.76 WIL 2007 2023-0020 20/01/2023 20/01/2023 Book